Bridgerton - Couples de la saga par images - Statistiques

Statistiques générales
  • Ce quiz a été pris 577 fois
    215 depuis la dernière actualisation
  • Le résultat moyen est 5 sur 11
Statistiques - réponses
Par images Réponse % Correct
Colin Bridgerton & Pénelope Featherington
93%
Daphné Bridgerton & Simon Basset
93%
Anthony Bridgerton & Kate Sharma
91%
Benedict Bridgerton & Sophie Beckett
87%
George III & Charlotte de Mecklembourg-Strelitz
80%
Marina Thompson & Philip Crane
31%
Will Mondrich & Alice Mondrich
17%
Brimsley & Reynolds
14%
Agatha Danbury & Hermann Danbury
3%
Philipe Featherington & Albion Finch
3%
Prudence Featherington & Robert Huxley
2%
Aucun quiz correspondant
Distribution des résultats
% des personnes avec chaque résultat
Percentile par nombre de réponses
Votre historique - résultats
Vous n’avez pas pris ce quiz depuis la dernière actualisation